Name a Valid 25K+ City in the Balkans For Every Letter - Statistics

General Stats
  • This quiz has been taken 105 times
  • The average score is 15 of 24
Answer Stats
Letter City / Cities % Correct
B Banja Luka, Berat, Belgrade... + 9 more
98%
P Pancevo, Paskuqan, Patras... + 16 more
98%
S Sabac, Salamis, Sarajevo... + 19 more
98%
T Tetovo, Thessaloniki, Tirana... + 4 more
96%
Z Zadar, Zajecar, Zagreb... + 2 more
93%
A Acharnes, Aigio, Agrinio... + 6 more
85%
N Navodari, Niksic, Nis... + 2 more
83%
V Valjevo, Varazdin, Varna... + 12 more
83%
K Kalamata, Kamez, Kapakli... + 21 more
72%
C Cacak, Caracal, Catalca... + 5 more
65%
D Dimitrovgrad, Dobrich, Drobeta-Turnu Severin... + 4 more
65%
R Rama, Razgrad, Rijeka... + 1 more
65%
O Obrevovac, Ohrid, Osijek
63%
M Malkala, Mangalia, Megara... + 4
61%
L Lamia, Larisa, Lazarebac... + 3 more
56%
E Elbasan, Edirne
55%
I Ioannina, Istanbul
52%
X Xanthi
41%
F Farke, Ferizaj, Fier... + 1 more
32%
G Gabrovo, Gelibolu, Gjakove... + 3 more
29%
H Haskovo
27%
U Uzice
23%
Y Yambol
23%
J Jagodina
18%
No matching quizzes found
Score Distribution
Percent of People with Each Score
Percentile by Number Answered
Your Score History
You have not taken this quiz